Sean O'Casey ; the man and his plays.

Bibliographic Details
Main Author: Koslow, Jules, 1916-
Format: Book
Language:English
Published: New York : Citadel Press, [1966]
Edition:[Rev. and expanded ed.].
Subjects:

MARC

Tag First Indicator Second Indicator Subfields
LEADER 00000cam a2200000 4500
001 in00000034928
005 20151007063444.0
008 750822s1966 nyu 00000 eng u
010 |a  66024062  
035 |a (OCoLC)01562370 
035 |9 AAD7444AM 
040 |c YMM  |d OCL  |d TXA  |d UtOrBLW 
049 |a TXAM  |c [464923] 
050 0 0 |a PR6029.C33  |b Z67 1966 
082 0 |a 822 
092 |a 822  |b O15Yk, 1966 
100 1 |a Koslow, Jules,  |d 1916- 
245 1 0 |a Sean O'Casey ;  |b the man and his plays. 
250 |a [Rev. and expanded ed.]. 
264 1 |a New York :  |b Citadel Press,  |c [1966] 
300 |a 117 pages ;  |c 21 cm. 
336 |a text  |b txt  |2 rdacontent 
337 |a unmediated  |b n  |2 rdamedia 
338 |a volume  |b nc  |2 rdacarrier 
500 |a First published in 1950 under title: The green and the red: Sean O'Casey, the man and his plays. 
600 1 0 |a O'Casey, Sean,  |d 1880-1964. 
999 |a MARS 
999 f f |s 973d037c-3693-3cc1-803f-9ca9a86f4580  |i 3547b438-5a15-3180-b0ba-7fe65e5de0ee  |t 0 
952 f f |p normal  |a Texas A&M University  |b College Station  |c Sterling C. Evans Library  |d Evans: Library Stacks  |t 0  |e PR6029.C33 Z67 1966  |h Library of Congress classification  |i unmediated -- volume  |m A14801299049 
998 f f |a PR6029.C33 Z67 1966  |t 0  |l Evans: Library Stacks